Memoria sobre las reformas introducidas en el ramo de la beneficiencia provincial de Madrid : (Record no. 156510)

MARC details
000 -LEADER
campo de control de longitud fija 00962nam a2200205 i 4500
001 - NÚMERO DE CONTROL
campo de control 156510
003 - IDENTIFICADOR DE NÚMERO DE CONTROL
campo de control ES-MaACL
005 - FECHA Y HORA DE LA ÚLTIMA TRANSACCIÓN
campo de control 20250921063034.0
008 - DATOS DE LONGITUD FIJA--INFORMACIÓN GENERAL
campo de control de longitud fija 940202s1852 sp |||| | spa d
100 1# - ENTRADA PRINCIPAL--NOMBRE DE PERSONA
Nombre de persona Ordóñez, Melchor,
Fechas asociadas al nombre 1811-1860
9 (RLIN) 130676
245 10 - MENCIÓN DEL TÍTULO
Título Memoria sobre las reformas introducidas en el ramo de la beneficiencia provincial de Madrid :
Resto del título año de 1852 /
Mención de responsabilidad, etc. por el gobernador de la provincia, Melchor Ordóñez.
260 ## - PUBLICACIÓN, DISTRIBUCIÓN, ETC.
Lugar de publicación, distribución, etc. Madrid :
Nombre del editor, distribuidor, etc. [s.n.,
Fecha de publicación, distribución, etc. 1852?] (
Fabricante Imp. de don José María Alonso)
300 ## - DESCRIPCIÓN FÍSICA
Extensión 22 p. ;
Dimensiones 30 cm.
530 ## - NOTA DISPONIBLE DE FORMULARIO FÍSICO ADICIONAL
Nota de formato físico adicional disponible Disponible en formato digital.
610 14 - PUNTO DE ACCESO ADICIONAL DE MATERIA--NOMBRE DE ENTIDAD CORPORATIVA
Nombre de entidad corporativa o nombre de jurisdicción como elemento de entrada Madrid.
Unidad subordinada Junta Municipal de Beneficencia.
9 (RLIN) 201398
650 #4 - PUNTO DE ACCESO ADICIONAL DE MATERIA--TÉRMINO DE MATERIA
Término de materia o nombre geográfico como elemento de entrada Beneficencia-
Subdivisión geográfica Madrid.
9 (RLIN) 150492
852 4# - LOCALIZACIÓN
Ubicación ES-MaACL
Número de control de estantería T-52-F-5
Nota libre - Enc. hol., falto de cub. original
-- - Enc. en un vol. facticio
856 4# - LOCALIZACIÓN Y ACCESO ELECTRÓNICOS
Identificador Uniforme de Recursos <a href="http://bibliotecavirtualdefensa.es/BVMDefensa/es/consulta/registro.do?id=16547">http://bibliotecavirtualdefensa.es/BVMDefensa/es/consulta/registro.do?id=16547</a>
Nota pública Biblioteca Virtual de Defensa
Holdings
Estatus retirado Estado de pérdida Estado de daño No para préstamo Colección Biblioteca de origen Biblioteca actual Ubicación en estantería Fecha de adquisición Total de préstamos Signatura topográfica completa Código de barras Visto por última vez Precio de reemplazo Tipo de ítem Koha
        Colección de folletos Biblioteca del Ateneo de Madrid Biblioteca del Ateneo de Madrid Depósito folletos 17/01/2008   T-52-F-5 1163746 23/02/2023 23/02/2023 Folleto